Statistics for Gracie Abrams - Stay (Lyrics)

Click here to take the quiz!

General Stats

  • This quiz has been taken 137 times
  • The average score is 220 of 250

Answer Stats

Answer% Correct
You
100%
you
100%
I
99%
to,
99%
to
99%
me
97%
stay
97%
stay,
97%
Could
96%
could
96%
do
96%
We
96%
we
96%
don't
95%
the
95%
in
94%
that
94%
but
92%
if
92%
If
92%
when
92%
where
92%
with
92%
all
91%
go
91%
have
91%
we're
91%
even
90%
hold
90%
Know
90%
know
90%
then
90%
was
90%
your
90%
And
88%
my
88%
told
88%
any
87%
"I'm
87%
it,
87%
talking?
87%
morning
86%
try
86%
without
86%
back
84%
'cause
84%
remember
84%
should
84%
something
84%
up
84%
way
84%
broken
83%
forget
83%
never
83%
sorry"
83%
started
83%
woke
83%
would
83%
at
82%
Didn't
82%
left,
82%
Maybe
82%
maybe
82%
care
81%
got
81%
I'd
81%
always
79%
should've,
79%
stare
79%
ways
79%
words
79%
sister
78%
tried,
78%
yours
78%
changed
77%
of
77%
one
77%
time
77%
floor
75%
said
75%
you've
75%
heard
74%
sweatshirt
74%
thought
74%
from
73%
miss
73%
expect
71%
last
71%
now
70%
sort
70%
noticed
69%
Wonder
69%
wouldn't,
69%
by
66%
myself
66%
more
65%
tell
65%
wrapped
65%
about
64%
feel
64%
felt
64%
held
64%
indifferent
64%
than
64%
same
62%
Catch
61%
thinking
61%
almost
60%
Wish
60%

Score Distribution

Percentile by Number Answered

Percent of People with Each Score

Your Score History

You have not taken this quiz